| 000 | 00714nam a22001337a 4500 | ||
|---|---|---|---|
| 040 | _cRUA | ||
| 082 | _aFIS PRU 2021 B473 Or. | ||
| 100 | _aPRUM SOKHEN ព្រំ សុខេន | ||
| 245 | _aINVESTIGATING THE CARBON CONTENT OF SEAGRASS MEADOW SEDIMENTS IN KOH POH, KEP PROVINCE. ការវាយតម្លៃបរិមាណកាបូនក្នុងតំបន់មានស្មៅសមុទ្រដោយការយកសំណាកដីល្បាប់នៅកោះពោធិ៍ ខេត្តកែប | ||
| 260 |
_aPhnom Penh _bRUA _c2021 |
||
| 300 |
_aXI.41P _c29CM |
||
| 856 | _uhttps://drive.google.com/file/d/11YLf8PQa5KxX4VtqX9Dz04LdIWCwMbgR/view?usp=sharing | ||
| 942 | _cFIS | ||
| 999 |
_c22599 _d22599 |
||